000 00457cam a2200193ua 4500
001 4345
005 20260515113822.0
008 111223n ii |||gr||||Z||||||asm
040 _cMAIN
082 _a891.451
100 1 _eAuthor.
245 1 1 _aAsamiya katha cayan
250 _a1st.
260 _aDibrugarh:
_bUniversity co-ordinator committee,972.
300 _a313p:
_c23cm.
653 _aAssamese text
653 _aAsamiya katha cayan
942 _cBK
999 _c4157
_d4157